Priveľa ľudí tu o korupcii mlčí šéf U.S. Steel Košice John H.Goodish:

Bibliographic Details
Main Authors: Hríb, Štefan, 1965- (ain), Goodish, John Harald 1948- (Author, uin)
Format: Article
Language:Slovak
PhysicalDescription:Fotogr.
ISSN:1335-4426
Subjects:

MARC

LEADER 00000nab a2200000 a 4500
001 vtls000824645
003 SK-MaSNL
005 20260302150048.0
008 160321c2003 xo 0 slo
015 |a SNBRB2003/02-04228 
035 |a CLN000176300 
040 |a SNKBUCL  |b slo  |c SNKBUCL  |e AACR2 
041 0 |a slo 
044 |a xo  |c SK 
080 |a 669.1:061.5(437.6)  |2 UDC-MRF-SK2 
100 1 |a Hríb, Štefan,  |d 1965-  |4 ain 
245 1 0 |a Priveľa ľudí tu o korupcii mlčí  |b šéf U.S. Steel Košice John H.Goodish:  |c [zhováral sa] Štefan Hríb 
300 |b Fotogr. 
600 1 7 |a Goodish, John Harald  |d 1948-  |2 snkbucl  |9 839040 
610 7 |a U. S. Steel (Košice, Slovensko)  |2 snkbucl  |9 656260 
655 7 |a články z novín a časopisov  |2 snkbucl  |9 267496 
700 1 |a Goodish, John Harald  |d 1948-  |4 aut  |4 uin  |9 839040 
773 0 |x 1335-4426  |t Domino fórum  |g Roč. 12, č. 5 (2003), s. 6-7 
850 |a Slovenská národná knižnica v Martine 
852 |a SNK  |b KIS3GCP 
958 |a SK 
958 |a US 
958 |a BC 
958 |a RBX 
999 |c 1356356  |d 1358286